[Event "?"]
[Site "ICS Rated Blitz match, 164.58"]
[Date "1997.??.??"]
[Round "?"]
[White "Brause"]
[Black "oldtimer"]
[Result "0-1"]
[WhiteElo "2305"]
[BlackElo "2320"]
[PlyCount "234"]

1. e4 e5 2. Nf3 Nc6 3. Nc3 Nf6 4. Nxe5 Nxe5 5. d4 Ng6 6. e5 Ng8 7. Bc4 d5 8.
Bxd5 c6 9. Bb3 Bb4 10. O-O Bxc3 11. Qf3 Be6 12. Bxe6 fxe6 13. Qxc3 N8e7 14. Qb3
Qd7 15. c3 O-O 16. Qd1 c5 17. Re1 cxd4 18. cxd4 Rad8 19. Be3 Nd5 20. Bg5 Rc8
21. Re4 Qf7 22. f3 Rc6 23. Qa4 a6 24. Bd2 Rfc8 25. Qd1 b5 26. g3 Rc4 27. Qe2
Rc2 28. Rb1 Qc7 29. a4 Qc4 30. axb5 Qxe2 31. Rxe2 axb5 32. Rf2 R8c4 33. Be1 Rc1
34. Rxc1 Rxc1 35. Kf1 Kf7 36. Re2 Rc2 37. Rxc2 Ne3+ 38. Ke2 Nxc2 39. Bf2 Nb4
40. Be1 Nc6 41. Kd3 Nge7 42. Bf2 Nd5 43. f4 h5 44. Be1 Ke7 45. Ke4 g6 46. Bd2
Kd7 47. Be1 Kc7 48. Bd2 Kb6 49. Kd3 Na5 50. Be1 Nc4 51. b3 Na5 52. Kc2 h4 53.
Bf2 h3 54. Bg1 Kc6 55. Bf2 Kd7 56. Be1 Nc6 57. Bf2 Na5 58. Be1 b4 59. Bd2 Nc6
60. Kd3 Na5 61. Kc2 Kc6 62. g4 Kb5 63. Bc1 Nc6 64. Kd3 Nce7 65. Bd2 Ng8 66. Kc2
Nh6 67. f5 gxf5 68. g5 Ng8 69. Kd3 Nge7 70. Ke2 Ng6 71. Kd3 Nde7 72. Ke3 Nc6
73. Kd3 Nd8 74. Ke3 Nc6 75. Kd3 Nh4 76. Bf4 Ne7 77. Ke2 Kc6 78. Bg3 Nhg6 79.
Bf2 Kd5 80. Ke3 Nc6 81. Kd3 Na5 82. Kc2 Ke4 83. d5 Kxd5 84. Bb6 Nc6 85. Kd1
Ncxe5 86. Ke2 Ke4 87. Ba7 Nc6 88. Bc5 f4 89. Bd6 e5 90. Kf2 Kf5 91. Bc5 e4 92.
Ke2 Kxg5 93. Kf1 Nge5 94. Bb6 Nf3 95. Bc7 Nxh2+ 96. Kg1 Nf3+ 97. Kh1 Nfe5 98.
Kg1 Kg4 99. Bb6 Kg3 100. Bf2+ Kf3 101. Bh4 Ng4 102. Bg5 Nce5 103. Bh4 Nd3 104.
Kh1 Ke2 105. Kg1 f3 106. Bg3 f2+ 107. Bxf2 Ngxf2 108. Kh2 Kf3 109. Kg1 Ng4 110.
Kf1 e3 111. Kg1 e2 112. Kh1 e1=B 113. Kg1 Bg3 114. Kh1 Ne3 115. Kg1 Bf4 116.
Kh1 Nf2+ 117. Kg1 h2# 0-1

[Event "?"]
[Site "ICS Rated Blitz match, 164.58"]
[Date "1997.??.??"]
[Round "?"]
[White "Brause"]
[Black "oldtimer"]
[Result "0-1"]
[WhiteElo "2250"]
[BlackElo "2340"]
[PlyCount "126"]

1. e4 e5 2. Nf3 Nc6 3. Nc3 Nf6 4. Nxe5 Nxe5 5. d4 Ng6 6. e5 Ng8 7. Bc4 d5 8.
Bxd5 c6 9. Bb3 Bb4 10. O-O Bxc3 11. Qf3 Be6 12. bxc3 N8e7 13. Bxe6 fxe6 14. Re1
Qd5 15. Re4 Rf8 16. Qd3 b5 17. Bd2 Kf7 18. Qf3+ Kg8 19. Qg4 Rf5 20. Qe2 Raf8
21. f3 Qc4 22. Qe1 Nd5 23. Kh1 h5 24. Kg1 c5 25. a3 cxd4 26. cxd4 Qxc2 27. Rc1
Qd3 28. Rc5 a6 29. Rc6 Ngf4 30. g3 Qxf3 31. gxf4 Nxf4 32. Bxf4 Rxf4 33. Rxf4
Rxf4 34. Rc8+ Kh7 35. Qb1+ g6 36. Rc7+ Kh6 37. Qc1 Qf2+ 38. Kh1 Qf3+ 39. Kg1 g5
40. Qxf4 gxf4 41. Rf7 Qe3+ 42. Kg2 Qe2+ 43. Kg1 f3 44. Rxf3 Qxf3 45. d5 exd5
46. e6 Kg6 47. e7 Kf7 48. h3 Kxe7 49. h4 Ke6 50. a4 b4 51. Kh2 Kf5 52. Kg1 Qh3
53. Kf2 Ke4 54. Ke2 Qg2+ 55. Ke1 Kd3 56. Kd1 Qe2+ 57. Kc1 Kc3 58. Kb1 Qd2 59.
Ka1 Kb3 60. Kb1 Ka3 61. Ka1 b3 62. Kb1 Qc2+ 63. Ka1 b2# 0-1

[Event "?"]
[Site "ICS Rated Blitz match, 164.58"]
[Date "1997.??.??"]
[Round "?"]
[White "Brause"]
[Black "oldtimer"]
[Result "0-1"]
[WhiteElo "2255"]
[BlackElo "2355"]
[PlyCount "156"]

1. e4 e5 2. Nf3 Nc6 3. Nc3 Nf6 4. Nxe5 Nxe5 5. d4 Ng6 6. e5 Ng8 7. Bc4 d5 8.
Bxd5 c6 9. Bb3 Bb4 10. O-O Bxc3 11. Qf3 Be6 12. bxc3 Qd7 13. Bxe6 fxe6 14. Ba3
Qf7 15. Qe2 N8e7 16. Qc4 O-O 17. Bd6 Rfd8 18. Rae1 Nf5 19. Ba3 Nf4 20. Bc1 Nd5
21. Bd2 Qg6 22. Qd3 Nfe7 23. Re4 b5 24. Rfe1 Nb6 25. Bc1 Nc4 26. a4 a6 27. Qf3
Rf8 28. Qd3 Rf7 29. axb5 axb5 30. h3 Ra1 31. h4 h5 32. Rf1 Nd5 33. f3 Qg3 34.
Rd1 Nf4 35. Rxf4 Rxf4 36. Bxf4 Rxd1+ 37. Qxd1 Qxf4 38. Qa1 Kh7 39. Qa8 Qc1+ 40.
Kh2 Qxc2 41. Qe8 Qg6 42. Qxc6 Ne3 43. Qe4 Qxe4 44. fxe4 Kg8 45. Kg3 Nd1 46. Kf3
Nxc3 47. Ke3 Kf7 48. Kd3 Nd1 49. Kd2 Nf2 50. Kc3 Nxe4+ 51. Kb4 Ng3 52. Kxb5 Nf5
53. Kc4 Nxh4 54. g4 hxg4 55. Kd3 g3 56. Ke2 g5 57. Ke1 Kg6 58. Ke2 Kf5 59. Kf1
Ke4 60. Ke2 Kxd4 61. Ke1 Kxe5 62. Kf1 Kd4 63. Ke2 g2 64. Kd2 g1=Q 65. Kc2 Qa1
66. Kd2 Qb2+ 67. Ke1 Qc2 68. Kf1 Qd2 69. Kg1 Qe2 70. Kh1 Ke4 71. Kg1 Kf4 72.
Kh1 Kg3 73. Kg1 Kh3 74. Kh1 g4 75. Kg1 g3 76. Kh1 e5 77. Kg1 Nf3+ 78. Kh1 g2#
0-1

[Event "?"]
[Site "ICS Rated Blitz match, 164.58"]
[Date "1997.??.??"]
[Round "?"]
[White "Brause"]
[Black "ryckaren"]
[Result "1-0"]
[WhiteElo "2270"]
[BlackElo "1655"]
[PlyCount "49"]

1. e4 e5 2. Nf3 Nc6 3. Nc3 Nf6 4. Nxe5 Nxe5 5. d4 Ng6 6. e5 Ng8 7. Bc4 d5 8.
Bxd5 Be6 9. Bxb7 Bb4 10. Bc6+ Bd7 11. Bxa8 Qxa8 12. O-O Nh4 13. d5 Ne7 14. Bg5
Nhg6 15. e6 fxe6 16. dxe6 Bc6 17. Qd4 Bxc3 18. bxc3 Bxg2 19. Qd7+ Kf8 20. Rad1
Bc6 21. Bxe7+ Nxe7 22. Qxc7 Be8 23. Rd8 Qc6 24. Qf4+ Kg8 25. Qf7# 1-0

[Event "?"]
[Site "ICS Rated Blitz match, 164.58"]
[Date "1997.??.??"]
[Round "?"]
[White "Brause"]
[Black "oldtimer"]
[Result "0-1"]
[WhiteElo "2290"]
[BlackElo "2355"]
[PlyCount "186"]

1. e4 e5 2. Nf3 Nc6 3. Nc3 Nf6 4. Nxe5 Nxe5 5. d4 Ng6 6. e5 Ng8 7. Bc4 d5 8.
Bxd5 c6 9. Bb3 Bb4 10. O-O Bxc3 11. Qf3 Be6 12. bxc3 N8e7 13. Bxe6 fxe6 14. Re1
Qd5 15. Re4 Rf8 16. Qd3 b5 17. Bd2 Kf7 18. Bg5 h6 19. Bd2 Kg8 20. Qe3 Nf5 21.
Qd3 Nfe7 22. Qe3 Qd7 23. Qd3 Qe8 24. c4 Qf7 25. f3 bxc4 26. Qxc4 Nd5 27. c3
Rac8 28. Qc5 Qe7 29. Qc4 c5 30. Qb3 c4 31. Qc2 Ngf4 32. Rb1 Qd7 33. Bc1 Nd3 34.
Ba3 Rfe8 35. Bd6 Rc6 36. Rf1 Rb6 37. Ba3 Ra6 38. Bc1 Qa4 39. Re2 Qxc2 40. Rxc2
Nxc1 41. Rfxc1 Rb8 42. Kf2 Rab6 43. Re1 a5 44. Ree2 a4 45. g4 a3 46. h4 Rb2 47.
Ke1 Ne3 48. Rcd2 Rb1+ 49. Kf2 Nd5 50. Kg3 R8b2 51. Rc2 Rxc2 52. Rxc2 Rb2 53.
Rc1 Rxa2 54. f4 Rb2 55. f5 a2 56. Ra1 Kf7 57. g5 exf5 58. gxh6 gxh6 59. e6+
Kxe6 60. Kf3 Nxc3 61. Ke3 Rb1 62. Rxa2 Nxa2 63. d5+ Ke5 64. d6 Rb3+ 65. Kf2 Nb4
66. d7 Nc6 67. Ke2 Ke4 68. Ke1 Rg3 69. Kf2 Rg5 70. hxg5 hxg5 71. d8=Q Nxd8 72.
Ke2 c3 73. Kd1 Kd3 74. Kc1 Nc6 75. Kd1 Nb4 76. Ke1 f4 77. Kf2 g4 78. Kf1 Kd2
79. Kg2 Ke2 80. Kg1 Kf3 81. Kf1 Nd3 82. Kg1 Ke2 83. Kg2 Nf2 84. Kg1 Nd1 85. Kg2
Ne3+ 86. Kg1 Kf3 87. Kh1 Kg3 88. Kg1 f3 89. Kh1 Kh3 90. Kg1 g3 91. Kh1 c2 92.
Kg1 f2+ 93. Kh1 g2# 0-1

[Event "?"]
[Site "ICS Rated Blitz match, 164.58"]
[Date "1997.??.??"]
[Round "?"]
[White "Brause"]
[Black "oldtimer"]
[Result "0-1"]
[WhiteElo "2280"]
[BlackElo "2365"]
[PlyCount "234"]

1. e4 e5 2. Nf3 Nc6 3. Nc3 Nf6 4. Nxe5 Nxe5 5. d4 Ng6 6. e5 Ng8 7. Bc4 d5 8.
Bxd5 c6 9. Bb3 Bb4 10. O-O Bxc3 11. Qf3 Be6 12. Qxc3 N8e7 13. Bxe6 fxe6 14. Qb3
Qd7 15. c3 O-O 16. Qd1 c5 17. Qg4 cxd4 18. cxd4 Nd5 19. Bd2 Rac8 20. Qe4 Ndf4
21. Rae1 Qd5 22. Bb4 Rf7 23. g3 Qxe4 24. Rxe4 Nd5 25. Bc5 b6 26. Ba3 Rc2 27. h4
h5 28. f3 Rfc7 29. Rf2 Rxf2 30. Kxf2 Rc2+ 31. Re2 Rxe2+ 32. Kxe2 Kf7 33. Kd3
Nge7 34. g4 g6 35. Ke4 Nc6 36. Bd6 Nce7 37. Ba3 b5 38. Bd6 a5 39. Bc5 Nc6 40.
Bd6 a4 41. Bc5 Na5 42. Kd3 Nc4 43. b3 axb3 44. axb3 Na5 45. Kc2 Nc6 46. Kd3
Nf4+ 47. Ke4 Ng2 48. d5 Na5 49. b4 Nc4 50. d6 Ke8 51. gxh5 gxh5 52. Bf2 Nd2+
53. Kd4 Nxf3+ 54. Kc5 Nxe5 55. Bg3 Nd7+ 56. Kxb5 Ne3 57. Be1 Nd5 58. Bd2 Nb8
59. Kc5 Kd7 60. b5 Nf6 61. Bf4 Ne4+ 62. Kb6 Kc8 63. Ka7 Nc5 64. Bg5 e5 65. Kb6
Ncd7+ 66. Ka5 Kb7 67. Kb4 Nb6 68. Be7 N8d7 69. Bd8 Nd5+ 70. Kb3 Ne3 71. Bc7 Nf5
72. Kc4 Nxh4 73. Kd5 Ng6 74. Ke6 Ngf8+ 75. Kf5 h4 76. Kg4 Ne6 77. Ba5 Nd4 78.
Be1 Nxb5 79. Bxh4 Kc6 80. Bg3 e4 81. Kf5 Kd5 82. Bf4 Nd4+ 83. Kg6 Ke6 84. Kg5
Nf5 85. Bd2 Nxd6 86. Kf4 Nf6 87. Bc1 Nd5+ 88. Kg4 Nc4 89. Bh6 Ne5+ 90. Kg3 Kf5
91. Bd2 Nc4 92. Bh6 Nf6 93. Bf8 Nh5+ 94. Kf2 Ke5 95. Bh6 Kd4 96. Bg5 Kd3 97.
Bh6 Nf6 98. Bf4 Nd5 99. Bh6 Ne5 100. Bg5 Ng6 101. Kg3 Ngf4 102. Kg4 e3 103. Kf3
e2 104. Bh4 Ng6 105. Be1 Nf6 106. Kf2 Ne4+ 107. Kf3 Nd2+ 108. Kg4 Ne5+ 109. Kf4
Nef3 110. Bf2 Ne4 111. Bh4 Nxh4 112. Ke5 e1=Q 113. Ke6 Qa5 114. Kd7 Qb6 115.
Ke8 Qc7 116. Kf8 Ng6+ 117. Kg8 Nf6# 0-1

[Event "?"]
[Site "ICS Rated Blitz match, 164.58"]
[Date "1997.??.??"]
[Round "?"]
[White "Brause"]
[Black "oldtimer"]
[Result "0-1"]
[WhiteElo "2285"]
[BlackElo "2370"]
[PlyCount "188"]

1. e4 e5 2. Nf3 Nc6 3. Nc3 Nf6 4. Nxe5 Nxe5 5. d4 Ng6 6. e5 Ng8 7. Bc4 d5 8.
Bxd5 c6 9. Bb3 Bb4 10. O-O Bxc3 11. Qf3 Be6 12. bxc3 N8e7 13. Bxe6 fxe6 14. Re1
Qd5 15. Re4 c5 16. Ba3 c4 17. Bc5 Rf8 18. Qg4 h5 19. Qe2 Rf5 20. Qe3 Kf7 21. f3
Kg8 22. Rf1 Qd8 23. Qe2 b5 24. a4 a6 25. Ra1 Nd5 26. Qe1 Rf7 27. Bd6 Nb6 28.
axb5 axb5 29. Rb1 Qe8 30. Bc5 Nd5 31. Qd2 Rf5 32. Bd6 Ra2 33. Ree1 Rf7 34. Rf1
Rf5 35. Rfe1 Kh7 36. Rf1 Qc6 37. Rbe1 Qa6 38. g3 Qa4 39. Rf2 Ra1 40. Kg2 Rxe1
41. Qxe1 Qa5 42. Bb4 Qa2 43. Qc1 Nxb4 44. cxb4 c3 45. Qf1 Qa4 46. Qb1 Rf7 47.
f4 Ne7 48. Kg1 g6 49. Rf3 Nd5 50. Qd1 Qxb4 51. Qd3 Qc4 52. Qxc4 bxc4 53. h3 g5
54. Kf1 Kg6 55. Kg1 gxf4 56. Kh2 Kf5 57. gxf4 Ke4 58. Rf1 Rxf4 59. Re1+ Ne3 60.
d5 exd5 61. e6 Rf6 62. e7 Re6 63. Kg3 Rxe7 64. Kh4 Re5 65. Rf1 Ng2+ 66. Kg3
Rg5+ 67. Kh2 Ne3 68. Rf7 Rg2+ 69. Kh1 Rxc2 70. h4 Rd2 71. Ra7 c2 72. Ra1 Kf3
73. Rg1 Nf5 74. Rf1+ Kg4 75. Kg1 Re2 76. Rc1 Kh3 77. Rxc2 Rxc2 78. Kf1 d4 79.
Ke1 Kg2 80. Kd1 d3 81. Ke1 c3 82. Kd1 Rb2 83. Kc1 Rd2 84. Kb1 Kf3 85. Ka1 Ke4
86. Kb1 Rc2 87. Ka1 Kd4 88. Kb1 Kc4 89. Ka1 Kb3 90. Kb1 Nd4 91. Ka1 Ne2 92. Kb1
Rd2 93. Ka1 Ra2+ 94. Kb1 c2# 0-1

[Event "?"]
[Site "ICS Rated Blitz match, 164.58"]
[Date "1997.??.??"]
[Round "?"]
[White "Brause"]
[Black "nille"]
[Result "1-0"]
[WhiteElo "2295"]
[BlackElo "1855"]
[PlyCount "21"]

1. e4 e5 2. Nf3 Nc6 3. Nc3 Nf6 4. Nxe5 Nxe5 5. d4 Nc6 6. d5 Ne5 7. f4 Ng6 8. e5
Qe7 9. Qe2 Ng8 10. d6 cxd6 11. Nd5 1-0

[Event "?"]
[Site "ICS Rated Blitz match, 164.58"]
[Date "1997.??.??"]
[Round "?"]
[White "Brause"]
[Black "nille"]
[Result "1-0"]
[WhiteElo "2295"]
[BlackElo "1855"]
[PlyCount "53"]

1. e4 e5 2. Nf3 Nc6 3. Nc3 Nf6 4. Nxe5 Nxe5 5. d4 Ng6 6. e5 Ng8 7. Bc4 d6 8.
Qf3 Be6 9. Qxb7 Rb8 10. Bb5+ Bd7 11. Bxd7+ Kxd7 12. Qxa7 dxe5 13. dxe5 Nxe5 14.
O-O Nf6 15. Bf4 Bd6 16. Bxe5 Bxe5 17. Rad1+ Bd6 18. Rxd6+ Kxd6 19. Rd1+ Kc6 20.
Qa4+ Kb7 21. Rxd8 Rbxd8 22. Qb3+ Kc8 23. Qxf7 Rhe8 24. f3 Rd7 25. Qc4 Rde7 26.
a4 g5 27. Qa6+ 1-0

[Event "?"]
[Site "ICS Rated Blitz match, 164.58"]
[Date "1997.??.??"]
[Round "?"]
[White "Brause"]
[Black "nille"]
[Result "1-0"]
[WhiteElo "2295"]
[BlackElo "1855"]
[PlyCount "64"]

1. e4 e5 2. Nf3 Nc6 3. Nc3 Nf6 4. Nxe5 Nxe5 5. d4 Ng6 6. e5 Ng8 7. Bc4 d5 8.
Bxd5 c6 9. Bb3 Be6 10. Bxe6 fxe6 11. O-O Bb4 12. Ne2 N8e7 13. c3 Ba5 14. Bg5
O-O 15. Ng3 h6 16. Bd2 Nf5 17. Ne4 Nge7 18. Qg4 Bc7 19. Rae1 Kh8 20. Nc5 Qd5
21. Qe2 Bb6 22. Nxb7 Rab8 23. Nd6 Nxd6 24. exd6 Qxd6 25. g3 Nf5 26. Bf4 Qd5 27.
Bxb8 Rxb8 28. Qxe6 Qxe6 29. Rxe6 c5 30. dxc5 Bc7 31. Rd1 Rxb2 32. Rd5 g6 1-0

[Event "?"]
[Site "ICS Rated Blitz match, 164.58"]
[Date "1997.??.??"]
[Round "?"]
[White "Brause"]
[Black "Granmaster"]
[Result "1/2-1/2"]
[WhiteElo "2310"]
[BlackElo "1810"]
[PlyCount "49"]

1. e4 e5 2. Nf3 Nc6 3. Nc3 Nf6 4. Nxe5 Nxe5 5. d4 Ng6 6. e5 Ng8 7. Bc4 c6 8.
Qe2 Bb4 9. Bxf7+ Kxf7 10. Qc4+ Ke8 11. Qxb4 N8e7 12. Ne4 Nf5 13. Qc3 d5 14. Bg5
Qd7 15. Nc5 Qc7 16. O-O-O b6 17. Nd3 Be6 18. Rhe1 Kd7 19. f3 Rhf8 20. Kb1 Rac8
21. Re2 Qb7 22. Qb4 Qc7 23. Qc3 Qb7 24. Qb4 Qc7 25. Qc3 1/2-1/2

[Event "?"]
[Site "ICS Rated Blitz match, 164.58"]
[Date "1997.??.??"]
[Round "?"]
[White "Brause"]
[Black "Granmaster"]
[Result "1-0"]
[WhiteElo "2305"]
[BlackElo "1815"]
[PlyCount "47"]

1. e4 e5 2. Nf3 Nc6 3. Nc3 Nf6 4. Nxe5 Nxe5 5. d4 Ng6 6. e5 Qe7 7. f4 d5 8. Bd3
c6 9. O-O Ne4 10. f5 Nxe5 11. Bxe4 dxe4 12. dxe5 Qxe5 13. Nxe4 Bc5+ 14. Nxc5
Qxc5+ 15. Rf2 Bxf5 16. Qh5 g6 17. Qd1 Rd8 18. Qe1+ Be6 19. Bh6 Kd7 20. Bg7 Rhe8
21. Bf6 Rc8 22. Qd2+ Bd5 23. Bd4 Qf8 24. c4 1-0

[Event "?"]
[Site "ICS Rated Blitz match, 164.58"]
[Date "1997.??.??"]
[Round "?"]
[White "Brause"]
[Black "jos"]
[Result "1-0"]
[WhiteElo "2290"]
[BlackElo "2245"]
[PlyCount "111"]

1. e4 e5 2. Nf3 Nc6 3. Nc3 Nf6 4. Nxe5 Nxe5 5. d4 Nc6 6. d5 Ne5 7. f4 Ng6 8. e5
Ng8 9. d6 cxd6 10. exd6 Qh4+ 11. g3 Qf6 12. Nb5 Qe6+ 13. Kf2 Bxd6 14. Nxd6+ Kf8
15. Bc4 Qf6 16. Nxf7 N8e7 17. Nxh8 Nxh8 18. Qd3 Nhg6 19. Re1 d6 20. Bd2 Bf5 21.
Qb3 Qd4+ 22. Be3 Qe4 23. Bxa7 Qxc2+ 24. Qxc2 Bxc2 25. Bd4 d5 26. Be2 Be4 27.
Bf3 Bxf3 28. Kxf3 Rc8 29. Rac1 Rxc1 30. Rxc1 Nc6 31. Bc5+ Kf7 32. Rc3 Nge7 33.
Rb3 Nd8 34. Rd3 Ndc6 35. g4 Kf6 36. h4 Ng6 37. Rxd5 Nxh4+ 38. Ke4 h6 39. Rd6+
Kf7 40. Rd7+ Kg8 41. Rxb7 Na5 42. Rb5 Nc6 43. Kd5 Ng6 44. Kxc6 Nxf4 45. Rb7 Kh7
46. Bd4 Ne6 47. Kd5 Nxd4 48. Kxd4 Kg6 49. Ke5 Kh7 50. Kf5 Kg8 51. a4 h5 52.
gxh5 Kh7 53. Rb6 g5 54. hxg6+ Kh6 55. Rb7 Kh5 56. Rh7# 1-0

[Event "?"]
[Site "ICS Rated Blitz match, 164.58"]
[Date "1997.??.??"]
[Round "?"]
[White "Brause"]
[Black "oldtimer"]
[Result "0-1"]
[WhiteElo "2320"]
[BlackElo "2375"]
[PlyCount "146"]

1. e4 e5 2. Nf3 Nc6 3. Nc3 Nf6 4. Nxe5 Nxe5 5. d4 Ng6 6. e5 Ng8 7. Bc4 d5 8.
Bxd5 c6 9. Bb3 Bb4 10. O-O Bxc3 11. Qf3 Be6 12. Bxe6 fxe6 13. Qxc3 N8e7 14. Qb3
Qd7 15. c3 O-O 16. Qd1 c5 17. Qg4 cxd4 18. cxd4 Nd5 19. Bd2 Qf7 20. Rae1 Qf5
21. Qd1 Qd3 22. Qg4 Qf5 23. Qd1 Rac8 24. Qa4 a6 25. f3 Rc6 26. Re4 Rfc8 27. g3
Qf7 28. Qd1 Nge7 29. Qe2 Rc2 30. Rb1 Qe8 31. Qd1 R2c4 32. a3 Qc6 33. g4 Qb6 34.
Be1 Rc2 35. b4 Qb5 36. f4 Qc4 37. f5 exf5 38. gxf5 Nxf5 39. Bf2 Rc1 40. Rxc1
Qxc1 41. Re1 Qxd1 42. Rxd1 Rc2 43. Be1 Nde3 44. Rd3 Nd5 45. Rd1 Kf7 46. Rd3 Ke6
47. Rd1 g5 48. Kh1 h5 49. Kg1 g4 50. Bf2 h4 51. Be1 g3 52. hxg3 hxg3 53. Bxg3
Nxg3 54. Rd3 Nf5 55. Kf1 Nc3 56. a4 Kd5 57. Rh3 Nxd4 58. Rh7 Nf3 59. Rg7 Ne4
60. Rg2 Rc1+ 61. Ke2 Nd4+ 62. Ke3 Rc3+ 63. Kf4 Rf3+ 64. Kg4 Kxe5 65. Kh5 Ne6
66. Kh4 Rf8 67. Rc2 Rg8 68. Rc1 Nf4 69. Rf1 Kf5 70. Rxf4+ Kxf4 71. Kh5 Nf6+ 72.
Kh6 Kf5 73. b5 Rg6# 0-1

[Event "?"]
[Site "ICS Rated Blitz match, 164.58"]
[Date "1997.??.??"]
[Round "?"]
[White "Brause"]
[Black "oldtimer"]
[Result "0-1"]
[WhiteElo "2315"]
[BlackElo "2380"]
[PlyCount "29"]

1. e4 e5 2. Nf3 Nc6 3. Nc3 Nf6 4. Nxe5 Nxe5 5. d4 Ng6 6. e5 Ng8 7. Bc4 d5 8.
Bxd5 c6 9. Bb3 Bb4 10. O-O Bxc3 11. Qf3 Be6 12. Bxe6 fxe6 13. Qxc3 N8e7 14. Qb3
Qd7 15. c3 0-1

[Event "?"]
[Site "ICS Rated Blitz match, 164.58"]
[Date "1997.??.??"]
[Round "?"]
[White "Brause"]
[Black "oldtimer"]
[Result "1-0"]
[WhiteElo "2310"]
[BlackElo "2390"]
[PlyCount "197"]

1. e4 e5 2. Nf3 Nc6 3. Nc3 Nf6 4. Nxe5 Nxe5 5. d4 Ng6 6. e5 Ng8 7. Bc4 d5 8.
Bxd5 c6 9. Be4 f5 10. Bf3 Bb4 11. O-O N8e7 12. Ne2 O-O 13. c3 Ba5 14. g3 c5 15.
b4 cxb4 16. cxb4 Bc7 17. Qb3+ Kh8 18. Qc4 Bb8 19. Bg2 Qd7 20. Bg5 h6 21. Be3
Qe6 22. Qxe6 Bxe6 23. Bxb7 Bc7 24. Rfc1 Bb6 25. Bxa8 Rxa8 26. a4 Nd5 27. Bd2
Nge7 28. a5 Bd8 29. Nf4 Nxf4 30. Bxf4 a6 31. Bd2 Kg8 32. Rc5 Rb8 33. h4 Kf7 34.
Ra4 Bd7 35. Ra3 Ke6 36. Rb3 Nd5 37. Rb2 Be7 38. Rc1 Bd8 39. Rbb1 Be7 40. Rb3
Ba4 41. Rb2 Bf8 42. Rcb1 Bb5 43. Rc2 Bd7 44. Kg2 Be7 45. Kh2 Bb5 46. Rcc1 Bd7
47. Rb3 Bd8 48. Rcb1 Bb5 49. R3b2 Be7 50. Rc1 Bd7 51. Kg2 Bb5 52. Kh3 Bd7 53.
f3 Rb7 54. Rbb1 Rb8 55. Rc2 Ba4 56. Rcb2 Bd7 57. Kg2 Bd8 58. Kg1 Be7 59. Rc1
Ba4 60. Be1 h5 61. Bd2 Bd7 62. Be1 Rb5 63. Rc4 Bd8 64. Rc5 Rb8 65. Rb3 Be7 66.
Rc4 Bb5 67. Rc1 Bd7 68. Kh2 Bd8 69. Rbb1 Be7 70. Rb2 Bd8 71. Rcb1 Be7 72. Rc2
Rf8 73. Bd2 Rb8 74. Kg1 Bd8 75. Rcb2 Be7 76. Kf2 Bb5 77. Rc1 Bd7 78. Kg2 Bd8
79. Rbb1 Be7 80. Rb3 Ba4 81. Rb2 Bd7 82. Kh1 Bf8 83. Kh2 Be7 84. Kh3 Rb5 85.
Rc4 Rb8 86. Be1 Bb5 87. Rc1 Bd7 88. Kg2 Rb5 89. Rcb1 Bc6 90. Bd2 Bf8 91. Rc2
Bd7 92. Rc4 Be7 93. Kh3 Rb8 94. Rc2 Rb5 95. Rcb2 Rb8 96. Kg2 Rc8 97. Bg5 Bf8
98. Rc1 Rxc1 99. Bxc1 1-0

[Event "?"]
[Site "ICS Rated Blitz match, 164.58"]
[Date "1997.??.??"]
[Round "?"]
[White "Brause"]
[Black "oldtimer"]
[Result "0-1"]
[WhiteElo "2325"]
[BlackElo "2270"]
[PlyCount "174"]

1. e4 e5 2. Nf3 Nc6 3. Nc3 Nf6 4. Nxe5 Nxe5 5. d4 Ng6 6. e5 Ng8 7. Bc4 d5 8.
Bxd5 c6 9. Be4 f5 10. exf6 Nxf6 11. Bg5 Bb4 12. Qd3 Bxc3+ 13. bxc3 O-O 14. O-O
Qe8 15. Bf3 Qf7 16. Rfe1 Be6 17. a3 Rae8 18. Be2 b5 19. Be3 Bc4 20. Qd1 Bxe2
21. Qxe2 Nd5 22. c4 Nxe3 23. fxe3 Qxc4 24. Qxc4+ bxc4 25. h3 Rb8 26. Reb1 a5
27. a4 Rb4 28. Rxb4 axb4 29. Rb1 Rb8 30. a5 c5 31. dxc5 Ne5 32. a6 Nc6 33. Ra1
Na7 34. Kf2 Kf7 35. e4 Ke6 36. Ke3 b3 37. cxb3 cxb3 38. Rd1 b2 39. Rb1 Ke5 40.
Kd3 Nc6 41. Kc3 Rb5 42. Rxb2 Rxb2 43. Kxb2 Kxe4 44. Kc3 Kd5 45. Kd2 Kxc5 46. g4
Kb6 47. Kd3 Kxa6 48. Kc4 Nd8 49. h4 Kb6 50. Kd5 Kc7 51. Kc5 Kd7 52. Kd5 Nf7 53.
g5 g6 54. Ke4 Ke6 55. Kf4 Kd5 56. Kf3 Ke5 57. Kg4 Ke4 58. Kg3 Kf5 59. h5 gxh5
60. Kh4 Kg6 61. Kh3 Kxg5 62. Kg3 h4+ 63. Kh3 Ne5 64. Kg2 Kg4 65. Kf2 h3 66. Ke3
Kf5 67. Kf2 Kf4 68. Kf1 Kf3 69. Kg1 Kg3 70. Kh1 Nd3 71. Kg1 h2+ 72. Kf1 h1=Q+
73. Ke2 Qc6 74. Kxd3 Qc5 75. Ke4 h5 76. Kd3 Kf3 77. Kd2 Qc4 78. Kd1 Qa2 79. Kc1
Kg3 80. Kd1 Qb2 81. Ke1 Qc2 82. Kf1 Qd2 83. Kg1 Qe2 84. Kh1 h4 85. Kg1 h3 86.
Kh1 Qf3+ 87. Kg1 h2# 0-1

[Event "?"]
[Site "ICS Rated Blitz match, 164.58"]
[Date "1997.??.??"]
[Round "?"]
[White "Brause"]
[Black "oldtimer"]
[Result "1/2-1/2"]
[WhiteElo "2380"]
[BlackElo "2205"]
[PlyCount "152"]

1. e4 e5 2. Nf3 Nc6 3. Nc3 Nf6 4. Nxe5 Nxe5 5. d4 Ng6 6. e5 Ng8 7. Bc4 d5 8.
Bxd5 c6 9. Be4 f5 10. Bf3 Bb4 11. O-O N8e7 12. Ne2 Be6 13. c3 Ba5 14. Nf4 Nxf4
15. Bxf4 O-O 16. Bg5 Bb6 17. a4 a6 18. g3 h6 19. Bd2 Qc7 20. Bg2 c5 21. a5 Ba7
22. dxc5 Bxc5 23. b4 Ba7 24. Re1 Rad8 25. Qc1 Kh7 26. Rb1 Bc4 27. Bf1 Bxf1 28.
Kxf1 Qc4+ 29. Kg1 Rd3 30. Rb2 Rfd8 31. Rc2 Qg4 32. c4 Bd4 33. e6 Qf3 34. Rf1
Nc6 35. b5 Ne5 36. e7 Re8 37. Bb4 Ng4 38. Qf4 Qxf4 39. gxf4 Nf6 40. Re1 Ne4 41.
bxa6 bxa6 42. Kg2 Rb3 43. f3 Rxb4 44. fxe4 Rxe7 45. e5 Rc7 46. e6 Bf6 47. Kf3
Be7 48. c5 Rb5 49. c6 Rb3+ 50. Re3 Rxe3+ 51. Kxe3 Kg6 52. Kd4 Bd6 53. Kd5 Be7
54. Kd4 Kf6 55. Kd5 g5 56. fxg5+ hxg5 57. Rb2 g4 58. Rb8 f4 59. Rg8 Kf5 60. Rg7
g3 61. hxg3 f3 62. Rf7+ Kg4 63. Ke4 Rxc6 64. Rxe7 f2 65. Kd5 f1=Q 66. Kxc6 Qb5+
67. Kd6 Qb4+ 68. Kd7 Qb5+ 69. Kd6 Kf5 70. Rf7+ Kg6 71. Rf4 Qxa5 72. e7 Qb6+ 73.
Kd7 Qb7+ 74. Kd6 Qb6+ 75. Kd7 Qb7+ 76. Kd6 Qb6+ 1/2-1/2

[Event "?"]
[Site "ICS Rated Blitz match, 164.58"]
[Date "1997.??.??"]
[Round "?"]
[White "Brause"]
[Black "oldtimer"]
[Result "0-1"]
[WhiteElo "2365"]
[BlackElo "2245"]
[PlyCount "174"]

1. e4 e5 2. Nf3 Nc6 3. Nc3 Nf6 4. Nxe5 Nxe5 5. d4 Ng6 6. e5 Ng8 7. Bc4 d5 8.
Bxd5 c6 9. Be4 f5 10. Bf3 Bb4 11. O-O N8e7 12. Ne2 Be6 13. c3 Ba5 14. Nf4 Nxf4
15. Bxf4 O-O 16. Bg5 h6 17. Bd2 Bb6 18. g3 Qc7 19. Bg2 c5 20. dxc5 Bxc5 21. b4
Bb6 22. Re1 Rad8 23. Qc1 Kh7 24. a4 a6 25. a5 Ba7 26. Ra3 Bd5 27. Re2 Bxg2 28.
Kxg2 Qc6+ 29. Kg1 Qc4 30. Qe1 Rfe8 31. Ra1 Ng6 32. b5 Qxb5 33. e6 Qc4 34. Rb1
Re7 35. Rb4 Qd3 36. Rb2 Bc5 37. Be3 Bxe3 38. Rxe3 Qd1 39. Rb4 Qxe1+ 40. Rxe1
Rc8 41. Reb1 Rcc7 42. Rb6 Nf8 43. Re1 Kg6 44. Re3 Kf6 45. Rb1 Rxe6 46. Rd3 Ke7
47. Rd5 g6 48. h4 h5 49. Rd4 Nd7 50. Rdb4 Nc5 51. Kf1 Rcc6 52. Rd4 b5 53. axb6
Rxb6 54. Rdb4 Nd7 55. Ra1 Rxb4 56. cxb4 Kd8 57. Ra5 Rb6 58. Ra2 Nb8 59. Re2 Kd7
60. Rd2+ Kc7 61. Re2 Nc6 62. Re8 Nxb4 63. Kg2 a5 64. Kf3 Ra6 65. Rg8 a4 66.
Rg7+ Kd8 67. Rb7 a3 68. Rxb4 a2 69. Rd4+ Ke7 70. Rd1 a1=Q 71. Rxa1 Rxa1 72. Kf4
Kf6 73. Ke3 Rd1 74. Ke2 Rd4 75. Kf1 Re4 76. Kg1 Ke5 77. Kg2 Kd4 78. Kf3 Kd3 79.
Kg2 Ke2 80. f3 Ra4 81. g4 fxg4 82. f4 Rxf4 83. Kg3 Rf3+ 84. Kg2 Re3 85. Kg1
Rg3+ 86. Kh2 Kf2 87. Kh1 Rh3# 0-1

[Event "?"]
[Site "ICS Rated Blitz match, 164.58"]
[Date "1997.??.??"]
[Round "?"]
[White "Brause"]
[Black "oldtimer"]
[Result "0-1"]
[WhiteElo "2335"]
[BlackElo "2140"]
[PlyCount "204"]

1. e4 e5 2. Nf3 Nc6 3. Nc3 Nf6 4. Nxe5 Nxe5 5. d4 Ng6 6. e5 Ng8 7. Bc4 d5 8.
Bxd5 c6 9. Be4 f5 10. Bf3 Bb4 11. O-O N8e7 12. Ne2 Be6 13. c3 Ba5 14. Nf4 Nxf4
15. Bxf4 O-O 16. Bg5 h6 17. Bd2 Bb6 18. g3 Qc7 19. Bg2 c5 20. dxc5 Bxc5 21. b4
Bb6 22. a4 a6 23. a5 Ba7 24. Re1 Rad8 25. Qc1 Kh7 26. Rb1 Bd5 27. Qc2 Bxg2 28.
Kxg2 Qc4 29. Rb2 Rfe8 30. Qb1 Rd5 31. Qd1 Red8 32. Rc2 Ng6 33. e6 Qc6 34. Kg1
Re5 35. e7 Rxe7 36. Rxe7 Nxe7 37. Qe2 Qe4 38. Be1 Qxe2 39. Rxe2 Rd7 40. Rd2
Rxd2 41. Bxd2 Kg6 42. Kg2 Kf7 43. h3 Ke6 44. Kf1 Kd5 45. Bf4 Ng6 46. Bd2 Kc4
47. Ke2 Ne7 48. g4 fxg4 49. hxg4 Nd5 50. Kf3 Nxc3 51. Bf4 Bd4 52. Bd6 Nd5 53.
Ke4 Bxf2 54. Kf5 Bd4 55. Kg6 Ne3 56. g5 hxg5 57. Kxg5 Kd5 58. Bf8 Ke6 59. Kf4
Nf5 60. Ke4 Be5 61. Bc5 Nd6+ 62. Kd3 g5 63. Bb6 g4 64. Ke2 Nf5 65. Ba7 Kd5 66.
Bc5 Bd6 67. Bb6 Bxb4 68. Bd8 Kc4 69. Bc7 Kc3 70. Bd8 Kc2 71. Kf2 Kd3 72. Bb6
Bc3 73. Bc7 Bd4+ 74. Kg2 Ke2 75. Bf4 Bc3 76. Bb8 Bxa5 77. Be5 Bb4 78. Bc7 Bc3
79. Kh1 Kf3 80. Kh2 b5 81. Bb8 b4 82. Bc7 b3 83. Bb8 b2 84. Bf4 b1=N 85. Bc7
Nd2 86. Kg1 Bd4+ 87. Kh1 Ne3 88. Bb8 Nec4 89. Bg3 Bf2 90. Bc7 Ne4 91. Kh2 Bg3+
92. Bxg3 Nxg3 93. Kg1 Nd2 94. Kh2 Nf5 95. Kg1 Kg3 96. Kh1 Nd6 97. Kg1 N6e4 98.
Kh1 Kh3 99. Kg1 g3 100. Kh1 Ng5 101. Kg1 Ngf3+ 102. Kh1 g2# 0-1